3 acteurs, 1 rôle - Statistiques

Statistiques générales
  • Ce quiz a été pris 505 fois
  • Le résultat moyen est 8 sur 20
Statistiques - réponses
Acteur 1 Acteur 2 Acteur 3 Rôles % Correct
Tobey Maguire Andrew Garfield Tom Holland Peter Parker / Spider-Man
99%
Sean Connery Roger Moore Pierce Brosnan James Bond
78%
Michael Keaton Christian Bale Robert Pattinson Bruce Wayne / Batman
77%
Jack Nicholson Heath Ledger Joaquin Phoenix Joker
77%
Lisa Loring Christina Ricci Jenna Ortega Mercredi Addams
67%
Robert Downey Jr Benedict Cumberbatch Henry Cavill Sherlock Holmes
63%
Christian Clavier Clovis Cornillac Édouard Baer Astérix
60%
Gene Wilder Johnny Depp Timothée Chalamet Willy Wonka
60%
Michelle Pfeiffer Anne Hathaway Zoë Kravitz Selina Kyle / Catwoman
47%
Anthony Hopkins Gaspard Ulliel Mads Mikkelsen Hannibal Lecter
33%
Richard Harris Michael Gambon Jude Law Albus Dumbledore
29%
Ginnifer Goodwin Kristen Stewart Rachel Zegler Blanche-Neige
26%
Glenn Close Victoria Smurfit Emma Stone Cruella d'Enfer
22%
Peter Ustinov David Suchet Kenneth Branagh Hercule Poirot
16%
Johnny Weissmuller Casper Van Dien Alexander Skarsgård Tarzan
16%
Claire Foy Olivia Colman Imelda Staunton Elizabeth II
13%
Linda Hamilton Lena Headey Emilia Clarke Sarah Connor
11%
Jessica Alba Kate Mara Vanessa Kirby Susan Storm / Femme Invisible
11%
Sandrine Bonnaire Milla Jovovich Clémence Poésy Jeanne d'Arc
8%
David Bowie Nicholas Hoult Ethan Hawke Nikola Tesla
3%
Aucun quiz correspondant
Distribution des résultats
% des personnes avec chaque résultat
Percentile par nombre de réponses
Votre historique - résultats
Vous n’avez pas pris ce quiz